01002cam a22002414a 4500001000500000005001700005020001800022020001500040040002300055050002100078082001600099100001700115245009900132260003800231300006100269505000800330520022100338521002000559521002000579650006700599650007500666700001900741375420250826140422.0 a9780823419265 a0545496578 aDLCcDLCdDLCbeng00aGV994.G53b 200700a796.3422221 aDeans, Karen10aPlaying to win :bthe story of Althea Gibson /cby Karen Deans ; illustrated by Elbrite Brown. aNew York :bScholastic , c2007  a32 unnumbered pages : bcolor illustrations ; c24 cm .  aX  aGrowing up in Harlem, Althea Gibson was heading down the wrong path until she found her calling. She went on to become the first African American women to be ranked as the number one woman tennis player in the world. a890 bLexile  aX bRaz-Plus  0aTennis playerszUnited StatesvBiographyvJuvenile literature. 0aAfrican American women tennis playersvBiographyvJuvenile literature.1 aBrown, Elbrite